|
|
|
|
| LEADER |
00000nab a2200000 a 4500 |
| 001 |
vtls010110614 |
| 003 |
SK-MaSNL |
| 005 |
20260426091823.0 |
| 008 |
250708c2010 xo ||||||||||||00 b|slo |
| 015 |
|
|
|a SNBRB2010/06
|2 snkbucl
|
| 035 |
|
|
|a (uuid)79637ae2-f1d2-405c-ad37-28f2cb28baea
|
| 035 |
|
|
|a urn:nbn:sk:snk-ab16dg
|
| 035 |
|
|
|a (urnnbn)urn:nbn:sk:snk:ar-a04foc
|
| 038 |
|
|
|a SNKBUCL
|
| 040 |
|
|
|a SNKBUCL
|b slo
|c SNKBUCL
|e AACR2
|
| 041 |
0 |
|
|a slo
|
| 044 |
|
|
|a xo
|c SK
|
| 080 |
|
|
|a 633.2/.3
|x (437.6)
|2 1997
|
| 100 |
1 |
|
|a Kováč, Ladislav
|4 aut
|9 337940
|
| 245 |
1 |
0 |
|a Súčasný stav pestovania viacročných krmovín na ornej pôde
|c Ladislav Kováč
|
| 300 |
|
|
|b Tab.
|
| 650 |
0 |
7 |
|a viacročné krmoviny
|2 snkbucl
|9 79190
|
| 650 |
0 |
7 |
|a lucerna siata
|2 snkbucl
|9 52005
|
| 650 |
0 |
7 |
|a ďatelina lúčna
|2 snkbucl
|9 19074
|
| 650 |
0 |
7 |
|a pestovateľské plochy
|2 snkbucl
|9 1263916
|
| 650 |
0 |
7 |
|a pestovateľské technológie
|2 snkbucl
|9 547663
|
| 650 |
0 |
7 |
|a náklady
|2 snkbucl
|9 2318
|
| 650 |
0 |
7 |
|a úroda
|2 snkbucl
|9 506412
|
| 651 |
|
7 |
|a Slovensko
|2 snkbucl
|9 14231
|
| 773 |
0 |
|
|t Naše pole
|g Roč. XIV, č. 6 (2010), s. 33-34
|x 1335-2466
|
| 850 |
|
|
|a Slovenská národná knižnica
|
| 852 |
|
|
|a Slovenská národná knižnica
|
| 954 |
|
|
|a odborná, vedecká literatúra pôvodná (slovenská)
|2 lita
|
| 958 |
|
|
|a article27
|
| 958 |
|
|
|a SK
|
| 958 |
|
|
|a OND
|
| 958 |
|
|
|a EUIPO
|
| 999 |
|
|
|c 3036479
|d 3038409
|